000 00460nam a2200181 a 4500
001 4344
003 CO-ViMGA
008 141112s2004 ck r 000 u spa d
040 _aCO-ViMGA
_bspa
_cCO-ViMGA
082 0 4 _aA863.44 B469
100 1 _aBioy Casares, Adolfo
245 1 0 _aUna muñeca rusa
260 _aBarcelona :
_bTusquets,
_c1994
300 _a179 p
650 1 4 _aLITERATURA ARGENTINA
_92130
650 1 4 _aNOVELA ARGENTINA
_92131
942 _2ddc
_cBK
999 _c16357
_d16357